Lizensierte Freizeitpark-Attraktionen in Deutschland - Statistiken

Allgemein
  • Dieses Quiz wurde 16 mal gespielt
  • Das Durchschnittsergebnis liegt bei 13 aus 23
Antwortstatistiken
Bildquiz Hint Antwort % Korrekt
Serie bzw. Comic / Plopsaland Deutschland Die Schlümpfe
92%
Serie / Legoland Ninjago
92%
Serie / Heide Park Peppa Wutz
92%
Filmreihe bzw. Serie / Plopsaland Die Biene Maja
83%
Serie / Ravensburger Spieleland Die Sendung mit der Maus
83%
Filmreihe bzw. Literatur / Europa-Park Jim Knopf
83%
Serie / Movie Park Teenage Mutant Ninja Turtles
75%
Serie / Plopsaland Wickie und die starken Männer
75%
Serie / Movie Park Dora
67%
Filmreihe / Heide-Park Ghostbusters
67%
Serie / Movie Park SpongeBob Schwammkopf
58%
Filmreihe / Heide-Park Drachenzähmen leicht gemacht
50%
Serie / Movie Park Raumschiff Enterprise – Das nächste Jahrhundert
50%
Filmreihe / Europa-Park Arthur und die Minimoys
42%
Serie / Movie Park Avatar – Der Herr der Elemente
42%
Serie / Movie Park Jimmy Neutron
42%
Serie / Ravensburger Spieleland Käpt'n Blaubär
42%
Serie / Movie Park PAW Patrol
42%
Serie / Movie Park Cosmo & Wanda – Wenn Elfen helfen
25%
Serie / Plopsaland Tabaluga
25%
Serie / Movie Park Backyardigans – Die Hinterhofzwerge
17%
Filmreihe / Phantasialand Happy Family
8%
Serie / Plopsaland Mia and me – Abenteuer in Centopia
8%
Keine übereinstimmenden Quizze gefunden
Verteilung der Resultate
Anzahl Personen mit jedem Resultat
Perzentil nach korrekt beantworteten Fragen
Ihre Resultats-Entwicklung
Sie haben dieses Quiz noch nicht gespielt